Sports Quiz

Random Sports or Football Quiz

PFA Team Of The Year 92/93 - 10/11 Quiz Stats

 Plays Quiz not verified by Sporcle

Score 0/210 Timer 15:00
0 Plays Today
Year Player % Correct
2002/2003Ashley Cole
94.4%
2003/2004Ashley Cole
94.4%
2004/2005Ashley Cole
94.4%
1999/2000Andy Cole
94.4%
2005/2006Joe Cole
94.1%
2000/2001Thierry Henry
93.8%
2001/2002Thierry Henry
93.8%
2002/2003Thierry Henry
93.8%
2003/2004Thierry Henry
93.8%
2004/2005Thierry Henry
93.8%
2005/2006Thierry Henry
93.8%
2001/2002Rio Ferdinand
93.6%
2004/2005Rio Ferdinand
93.6%
2006/2007Rio Ferdinand
93.6%
2007/2008Rio Ferdinand
93.6%
2008/2009Rio Ferdinand
93.6%
2003/2004Steven Gerrard
93.4%
2004/2005Steven Gerrard
93.4%
2005/2006Steven Gerrard
93.4%
2006/2007Steven Gerrard
93.4%
2007/2008Steven Gerrard
93.4%
2008/2009Steven Gerrard
93.4%
1992/1993Alan Shearer
93.2%
1993/1994Alan Shearer
93.2%
1994/1995Alan Shearer
93.2%
1995/1996Alan Shearer
93.2%
1996/1997Alan Shearer
93.2%
2002/2003Alan Shearer
93.2%
2005/2006Wayne Rooney
93.1%
2009/2010Wayne Rooney
93.1%
1992/1993Ryan Giggs
92.9%
1993/1994Ryan Giggs
92.9%
1994/1995Ryan Giggs
92.9%
1995/1996Ryan Giggs
92.9%
1997/1998Ryan Giggs
92.9%
2000/2001Ryan Giggs
92.9%
2001/2002Ryan Giggs
92.9%
2006/2007Ryan Giggs
92.9%
2008/2009Ryan Giggs
92.9%
2006/2007Edwin van der Sar
92.5%
2008/2009Edwin van der Sar
92.5%
2000/2001Paul Scholes
92%
2002/2003Paul Scholes
92%
2006/2007Paul Scholes
92%
2003/2004Frank Lampard
91.3%
2004/2005Frank Lampard
91.3%
2005/2006Frank Lampard
91.3%
2006/2007Nemanja Vidic
91.1%
2007/2008Nemanja Vidic
91.1%
2008/2009Nemanja Vidic
91.1%
2006/2007Didier Drogba
90.5%
2009/2010Didier Drogba
90.5%
2003/2004John Terry
90.5%
2004/2005John Terry
90.5%
2005/2006John Terry
90.5%
2009/2010Joe Hart
89.6%
1996/1997Gary Neville
88.7%
1997/1998Gary Neville
88.7%
1998/1999Gary Neville
88.7%
2004/2005Gary Neville
88.7%
2006/2007Gary Neville
88.7%
2005/2006Cristiano Ronaldo
88.1%
2006/2007Cristiano Ronaldo
88.1%
2007/2008Cristiano Ronaldo
88.1%
2008/2009Cristiano Ronaldo
88.1%
1992/1993Peter Schmeichel
88.1%
1994/1995Peter Schmeichel
88%
1996/1997David Beckham
87.4%
1997/1998David Beckham
87.4%
1998/1999David Beckham
87.4%
Year Player % Correct
1999/2000David Beckham
87.4%
1995/1996David James
86.7%
2007/2008David James
86.7%
2000/2001Stephen Carr
86.5%
2002/2003Stephen Carr
86.5%
1992/1993Roy Keane
86.4%
1996/1997Roy Keane
86.4%
1999/2000Roy Keane
86.4%
2000/2001Roy Keane
86.4%
2001/2002Roy Keane
86.4%
2007/2008Fernando Torres
85.9%
2008/2009Fernando Torres
85.9%
2010/2011Ashley Cole
85.4%
2004/2005Petr Cech
84.4%
2006/2007Patrice Evra
83.7%
2008/2009Patrice Evra
83.7%
2009/2010Patrice Evra
83.7%
2010/2011Edwin van der Sar
83.5%
1996/1997David Seaman
83.4%
1997/1998Dennis Bergkamp
82.6%
1997/1998Michael Owen
82.3%
2010/2011Nemanja Vidic
82.3%
1992/1993Ian Wright
81.4%
1996/1997Ian Wright
81.4%
1996/1997Mark Wright
81%
1998/1999Patrick Vieira
80.8%
1999/2000Patrick Vieira
80.8%
2000/2001Patrick Vieira
80.8%
2001/2002Patrick Vieira
80.8%
2002/2003Patrick Vieira
80.8%
2003/2004Patrick Vieira
80.8%
2007/2008Cesc Fabregas
80.8%
2009/2010Cesc Fabregas
80.8%
1993/1994Tony Adams
80.3%
1995/1996Tony Adams
80.3%
1996/1997Tony Adams
80.3%
2001/2002Shay Given
79.4%
2005/2006Shay Given
79.4%
2006/2007Dimitar Berbatov
79.2%
2003/2004Robert Pires
79.1%
2002/2003Robert Pires
79.1%
2001/2002Ruud van Nistelrooy
78.8%
2003/2004Ruud van Nistelrooy
78.8%
2001/2002Robert Pirès
78.8%
1998/1999Dwight Yorke
78.4%
2000/2001Fabien Barthez
77.7%
1995/1996Robbie Fowler
77.1%
2008/2009Glen Johnson
76.5%
2004/2005Andy Johnson
76.5%
1998/1999Nicolas Anelka
76.1%
2008/2009Nicolas Anelka
76.1%
2005/2006Jamie Carragher
75.8%
1998/1999Sol Campbell
75.8%
2002/2003Sol Campbell
75.8%
2003/2004Sol Campbell
75.8%
2007/2008Ashley Young
75.7%
2008/2009Ashley Young
75.7%
2010/2011Gareth Bale
73.1%
2007/2008Bacary Sagna
73%
2010/2011Dimitar Berbatov
72.8%
2010/2011Carlos Tevez
72.2%
1998/1999Jaap Stam
71.5%
1999/2000Jaap Stam
71.5%
2000/2001Jaap Stam
71.5%
2000/2001Teddy Sheringham
71.3%
1993/1994Eric Cantona
70.5%
1993/1994Denis Irwin
70.2%
1998/1999Denis Irwin
70.2%
1995/1996Steve Bruce
69.8%
2010/2011Vincent Kompany
68.6%
Year Player % Correct
1992/1993Gary Pallister
68.1%
1993/1994Gary Pallister
68.1%
1994/1995Gary Pallister
68.1%
1997/1998Gary Pallister
68.1%
2009/2010Branislav Ivanovic
67.7%
1997/1998Nicky Butt
67.6%
1994/1995Lee Dixon
66.6%
2010/2011Bacary Sagna
66.4%
1999/2000Kevin Phillips
65.7%
2007/2008Gaël Clichy
65%
2003/2004Tim Howard
64.7%
1993/1994Tim Flowers
63.4%
2001/2002Sami Hyypiä
62.8%
1999/2000Sami Hyypiä
62.2%
1998/1999Nigel Martyn
61.4%
1999/2000Nigel Martyn
61.4%
2003/2004Lauren
61%
1992/1993Paul Ince
59.4%
1993/1994Paul Ince
59.4%
2009/2010James Milner
59.2%
2007/2008Emmanuel Adebayor
59%
2002/2003Brad Friedel
58.3%
1999/2000Harry Kewell
57.7%
2010/2011Nani
57.1%
2009/2010Darren Fletcher
56.9%
1998/1999Emmanuel Petit
56.7%
2009/2010Antonio Valencia
55.4%
1998/1999David Ginola
54.9%
1997/1998Graeme Le Saux
53.4%
1995/1996Steve McManaman
53.4%
1996/1997Steve McManaman
53.4%
1994/1995Graeme Le Saux
53%
1997/1998Steve McManaman
53%
2004/2005Arjen Robben
51.9%
2002/2003William Gallas
51.9%
2005/2006William Gallas
51.9%
2009/2010Thomas Vermaelen
50.1%
2010/2011Samir Nasri
49%
2009/2010Richard Dunne
48.9%
1994/1995Tim Sherwood
48.5%
1999/2000Ian Harte
47.9%
1995/1996Peter Beardsley
46.8%
1993/1994Peter Beardsley
46.4%
1994/1995Stan Collymore
46.1%
1994/1995Andrei Kanchelskis
45.8%
2000/2001Wes Brown
45%
2010/2011Jack Wilshere
45%
1992/1993Gary Speed
44.5%
1994/1995Colin Hendry
43.5%
1997/1998Colin Hendry
43.5%
1993/1994Gary Kelly
43%
1999/2000Gary Kelly
43%
1996/1997David Batty
42.5%
1997/1998David Batty
42.5%
1997/1998Neil Sullivan
41.2%
2001/2002Wayne Bridge
38.8%
1994/1995Robert Lee
38.3%
1992/1993Paul McGrath
37.2%
2004/2005Shaun Wright-Phillips
36.2%
2001/2002Steve Finnan
33.7%
1993/1994Gary McAllister
33.5%
2005/2006Pascal Chimbonda
33.4%
1995/1996Philippe Albert
30.3%
2002/2003Kieron Dyer
28%
1995/1996Ruud Gullit
22.6%
2000/2001Sylvinho
22.6%
1995/1996Gareth Southgate
21.5%
1992/1993Tony Dorigo
19.4%
1996/1997Stig Inge Bjornebye
19.1%
1992/1993David Bardsley
13.4%

You're not logged in!

Compare scores with friends on all Sporcle quizzes.
OR
Log In

Show Comments

Extras

Top Quizzes Today


Score Distribution

Your Account Isn't Verified!

In order to create a playlist on Sporcle, you need to verify the email address you used during registration. Go to your Sporcle Settings to finish the process.

Report this User

Report this user for behavior that violates our Community Guidelines.

Details: